Energy and how we live /

Guardat en:
Dades bibliogràfiques
Autor corporatiu: Australian Unesco Committee for Man and the Biosphere
Format: Llibre
Idioma:English
Publicat: s.l. : s.n., 1973?.
Col·lecció:Australian Unesco Seminar
Publication (Australian Unesco Committee for Man and the Biosphere) ; no.4.
Matèries:
LEADER 01383nam a2200289 i 4500
001 c000251954
003 CARM
005 00000000000000.0
008 840410s1973 xx 0 eng d
019 1 |a 1380141  |z 2549280  |z 3988870  |z 13873612  |z 12463229  |z 9320221  |z 6373438  |z 48183252  |z 45085306  |z 24378653  |z 23882480  |5 LACONCORD2021 
035 |a (OCoLC)4808362  |5 LACONCORD2021 
082 0 4 |a 301.31 
245 0 0 |a Energy and how we live /  |c Australian-Unesco Committee for Man and the Biosphere, Flinders University of South Australia, 16-18 May 1973. 
246 3 |a Report of Symposium on Energy and How We Live 
260 |a s.l. :  |b s.n.,  |c 1973?. 
300 |a 301 p. :  |b ill. 
440 0 |a Australian Unesco Seminar 
490 1 |a Australian Unesco Committee for Man and the Biosphere. Publication ;  |v no.4 
500 |a Cover title: Report of symposium on Engery and How We Live. 
504 |a Includes bibliographical references. 
650 0 |a Human ecology. 
650 0 |a Power resources. 
710 2 |a Australian Unesco Committee for Man and the Biosphere. 
830 0 |a Publication (Australian Unesco Committee for Man and the Biosphere) ;  |v no.4. 
852 8 |b CARM  |h A2:AI20H0  |i F01336  |p 0327769  |f BK 
999 f f |i ad2e1c1a-7b1c-5712-9f19-8066f0e2ff04  |s d6dabf2a-5e1f-5d0c-9ec2-5a5be326a19e 
952 f f |p Can circulate  |a CAVAL  |b CAVAL  |c CAVAL  |d CARM 1 Store  |e F01336  |f A2:AI20H0  |h Other scheme  |i book  |m 0327769